Normal view
MARC view
Entry Personal Name
001 - CONTROL NUMBER
- control field: 34627
003 - CONTROL NUMBER IDENTIFIER
- control field: ARRUPE
005 - DATE AND TIME OF LATEST TRANSACTION
- control field: 20170808114942.0
008 - FIXED-LENGTH DATA ELEMENTS
- fixed length control field: 170808|| aca||aabn | a|a d
040 ## - CATALOGING SOURCE
- Original cataloging agency: ARRUPE
- Transcribing agency: ARRUPE
100 ## - HEADING--PERSONAL NAME
- Personal name: Darwīsh, Maḥmūd.
670 ## - SOURCE DATA FOUND
- Source citation: Work cat.: (ARRUPE)0: Darwīsh, Maḥmūd., The music of human flesh /, 1980.